| 000 | 00803nam a2200217Ia 4500 | ||
|---|---|---|---|
| 999 |
_c39524 _d39524 |
||
| 001 | 6120 | ||
| 003 | GE_BSU | ||
| 005 | 20190924155809.0 | ||
| 008 | 181216s1987||||ge |||||||||||||| ||geo|| | ||
| 040 | _cGE_BSU | ||
| 041 | _ageo | ||
| 080 | _a821.353.1-32 ა-87 | ||
| 100 |
_aასანიშვილი, შოთა _94285 |
||
| 245 |
_aდიდი თეთრი წრე : _bმოთხრობები / _cშოთა ასანიშვილი ; რედ. ლ. მესხი. |
||
| 264 |
_aთბილისი : _bმერანი ; _c1987. |
||
| 300 |
_a111 გვ. ; _c20 სმ. |
||
| 653 | _aდიდი თეთრი წრე | ||
| 653 | _aმოთხრობები | ||
| 700 |
_aმესხი, ლ. _eრედაქტორი _94286 |
||
| 942 |
_cBK _2udc |
||